<?xml version="1.0" encoding="UTF-8"?><marc:collection xmlns:marc="http://www.loc.gov/MARC21/slim">
  <marc:record>
    <marc:leader>00000nam##2200000za#4500</marc:leader>
    <marc:controlfield tag="001">9.642058</marc:controlfield>
    <marc:controlfield tag="003">CaOODSP</marc:controlfield>
    <marc:controlfield tag="005">20210624223521</marc:controlfield>
    <marc:controlfield tag="007">cr |||||||||||</marc:controlfield>
    <marc:controlfield tag="008">150407|2001||||xxc|||||o    f|0| 0 fre|d</marc:controlfield>
    <marc:datafield tag="040" ind1=" " ind2=" ">
      <marc:subfield code="a">CaOODSP</marc:subfield>
      <marc:subfield code="b">fre</marc:subfield>
    </marc:datafield>
    <marc:datafield tag="043" ind1=" " ind2=" ">
      <marc:subfield code="a">n-cn---</marc:subfield>
    </marc:datafield>
    <marc:datafield tag="086" ind1="1" ind2=" ">
      <marc:subfield code="a">R2-184/2001F-PDF</marc:subfield>
    </marc:datafield>
    <marc:datafield tag="110" ind1="1" ind2=" ">
      <marc:subfield code="a">Canada.</marc:subfield>
      <marc:subfield code="b">Affaires indiennes et du Nord.</marc:subfield>
    </marc:datafield>
    <marc:datafield tag="245" ind1="1" ind2="0">
      <marc:subfield code="a">Accord de transfert au Yukon d'attributions relevant du Programme des affaires du Nord / </marc:subfield>
      <marc:subfield code="h">[ressource électronique]</marc:subfield>
      <marc:subfield code="c">La version française de cette accord est une traduction, seule la version originale anglaise ayant valeur officielle. </marc:subfield>
    </marc:datafield>
    <marc:datafield tag="260" ind1=" " ind2=" ">
      <marc:subfield code="a">Ottawa - Ontario : </marc:subfield>
      <marc:subfield code="b">Affaires indiennes et du Nord </marc:subfield>
      <marc:subfield code="c">Octobre 2001.</marc:subfield>
    </marc:datafield>
    <marc:datafield tag="300" ind1=" " ind2=" ">
      <marc:subfield code="a">237p.</marc:subfield>
      <marc:subfield code="b">tableaux</marc:subfield>
    </marc:datafield>
    <marc:datafield tag="500" ind1=" " ind2=" ">
      <marc:subfield code="a">« Conclu ce 29ième jour d'octobre 2001 entre : le gouvernement du Canada, représenté par le ministre des Affaires indiennes et du Nord Canadien (ci-après dénommé « le Canada ») et le gouvernement du Yukon, représenté par la cheffe du gouvernement (ci-après dénommé « le GY ») »--Page de titre.</marc:subfield>
    </marc:datafield>
    <marc:datafield tag="520" ind1="3" ind2=" ">
      <marc:subfield code="a">Cet accord de transfert d’attributions en date du 29 octobre 2001 établit les modalités du transfert au gouvernement du Yukon de la responsabilité de plusieurs domaines relevant auparavant de la compétence fédérale. Ces domaines comprennent le pouvoir de faire des lois et des règlements en ce qui a trait aux terres publiques et aux cours d’eau, le pouvoir de négocier des accords avec les Premières Nations et des ententes d’autonomie gouvernementale, la gestion des ressources forestières et la responsabilité de diverses questions environnementales. L’accord propose un processus ordonné pour le transfert des finances, des ressources humaines, des propriétés, des biens et des contrats.</marc:subfield>
    </marc:datafield>
    <marc:datafield tag="590" ind1=" " ind2=" ">
      <marc:subfield code="a">13-15-Supp</marc:subfield>
      <marc:subfield code="b">2013-06-24</marc:subfield>
    </marc:datafield>
    <marc:datafield tag="775" ind1="0" ind2="8">
      <marc:subfield code="t">Yukon Northern Affairs Program Devolution Transfer Agreement </marc:subfield>
      <marc:subfield code="w">(CaOODSP)9.698062</marc:subfield>
    </marc:datafield>
    <marc:datafield tag="776" ind1="0" ind2="#">
      <marc:subfield code="t">Accord de transfert au Yukon d'attributions relevant du Programme des affaires du Nord entre le gouvernement du Canada et le gouvernement du Yukon </marc:subfield>
      <marc:subfield code="w">(CaOODSP)9.681666</marc:subfield>
    </marc:datafield>
    <marc:datafield tag="856" ind1="4" ind2="0">
      <marc:subfield code="a">http://publications.gc.ca</marc:subfield>
      <marc:subfield code="q">PDF</marc:subfield>
      <marc:subfield code="s">947 Ko</marc:subfield>
      <marc:subfield code="u">https://publications.gc.ca/collections/Collection/R2-184-2001F.pdf</marc:subfield>
    </marc:datafield>
  </marc:record>
</marc:collection>
